|
|
|
|
| LEADER |
00000ny a22000003n 4500 |
| 005 |
2011062104424.0 |
| 008 |
000125s1999 sp s 000 0 spa c |
| 017 |
|
|
|a B23330-1999
|
| 020 |
|
|
|a 8495027518
|
| 035 |
|
|
|a 349
|
| 040 |
|
|
|a UMA.DER
|d vLex
|
| 040 |
|
|
|a UMA.RE
|d vLex
|
| 080 |
|
|
|a 347.922.7(460)
|
| 090 |
|
|
|c 923
|d 923
|
| 100 |
1 |
|
|a Romero Seguel, Alejandro
|
| 245 |
1 |
3 |
|a La acumulacin̤ inicial de acciones el derecho procesal espaǫl
|h [Recurso electrn̤ico]
|c Alejandro Romero Seguel
|
| 256 |
|
|
|a Servicio en ln̕ea
|
| 260 |
|
|
|a Barcelona :
|b CEDECS,
|c 1999
|
| 300 |
|
|
|a 411 p. ;
|c 23 cm
|
| 504 |
|
|
|a Bibliografa̕: p. 385-411
|
| 506 |
1 |
|
|a Contenido solo disponible en los productos indicados
|d vLex Global
|d vLex Global (Academic Edition, excluding Law Schools)
|d vLex Global (U.S. Academic Edition, Law Schools)
|d vLex Global (U.S. Academic Edition, excluding Law Schools)
|d vLex Global (Academic Edition, Law Schools)
|
| 650 |
0 |
7 |
|a Acumulacin̤ de procesos
|2 Tesauro vLex
|
| 650 |
0 |
7 |
|a Procesal
|2 Tesauro vLex
|
| 650 |
0 |
7 |
|a Acumulacin̤ de acciones
|2 Tesauro vLex
|
| 740 |
0 |
|
|a vLex Libros (Servicios en ln̕ea)
|
| 856 |
4 |
0 |
|u http://vlex.com/source/349
|z Acceso restringido
|
| 942 |
|
|
|c BOOK
|